[Event "Köln- Kamen"]
[Site "?"]
[Date "2022.09.11"]
[Round "1.7"]
[White "Georg, Felix"]
[Black "Fohler, Claus"]
[Result "1-0"]
[WhiteElo "2014"]
[BlackElo "2350"]
[PlyCount "91"]
[SourceVersionDate "2023.06.22"]

1. Nf3 c5 2. e4 Nc6 3. d4 cxd4 4. Nxd4 g6 5. c4 Bg7 6. Nc2 Nf6 7. Nc3 d6 8. Be2
O-O 9. O-O Be6 10. Ne3 Nd7 11. Ned5 Nd4 12. Be3 Nxe2+ 13. Qxe2 Ne5 14. h3 Rc8
15. b3 Bxd5 16. Nxd5 e6 17. Nf4 Qa5 18. Rad1 Rfd8 19. Rd2 Nc6 20. Rfd1 Qe5 21.
f3 Bh6 22. Nd3 Bxe3+ 23. Qxe3 Qd4 24. Qxd4 Nxd4 25. Nf4 e5 26. Ne2 Nxe2+ 27.
Rxe2 Kf8 28. Kf2 Ke7 29. Ke3 Ke6 30. f4 exf4+ 31. Kxf4 f6 32. Rd5 b6 33. g4 h6
34. a4 Rc5 35. Red2 a5 36. Ke3 Ke7 37. h4 Rxd5 38. Rxd5 Kd7 39. Rb5 Kc6 40. Kf4
Re8 41. h5 g5+ 42. Kf5 Kc7 43. Kxf6 Rxe4 44. Kg7 Re6 45. Rf5 Kc6 46. Rf6 1-0

[Event "Köln- Kamen"]
[Site "?"]
[Date "2022.09.11"]
[Round "1.8"]
[White "Loeschcke, Christian"]
[Black "Markert, Dirk"]
[Result "1-0"]
[WhiteElo "2023"]
[BlackElo "1875"]
[PlyCount "67"]
[SourceVersionDate "2023.06.22"]

1. e4 e6 2. d4 d5 3. Nc3 Bb4 4. e5 c5 5. Nf3 Nc6 6. Bd2 cxd4 7. Nb5 Bc5 8. Rb1
Bd7 9. b4 Be7 10. Nbxd4 Nxd4 11. Nxd4 Qc7 12. f4 Nh6 13. Qf3 O-O 14. Bd3 f6 15.
exf6 Bxf6 16. Nb3 Qb6 17. Nc5 Bc6 18. O-O Rae8 19. Qh3 Bd4+ 20. Kh1 Rf6 21. g4
Rff8 22. b5 Bxc5 23. bxc6 Qc7 24. f5 e5 25. f6 e4 26. Rxb7 Qxb7 27. cxb7 exd3
28. Bxh6 gxh6 29. f7+ Rxf7 30. Rxf7 Kxf7 31. Qh5+ Ke7 32. Qxe8+ Kxe8 33. b8=Q+
Kf7 34. cxd3 1-0

[Event "Godesberg 2- Ennepe"]
[Site "?"]
[Date "2022.09.18"]
[Round "1.1"]
[White "Arndt, Stefan"]
[Black "Mantau, Jan"]
[Result "1/2-1/2"]
[WhiteElo "2176"]
[BlackElo "2184"]
[PlyCount "28"]
[SourceVersionDate "2023.06.22"]

1. d4 Nf6 2. Nf3 g6 3. c4 Bg7 4. e3 O-O 5. Be2 c5 6. d5 d6 7. Nc3 a6 8. a4 e5
9. e4 Nh5 10. g3 h6 11. Ng1 Nf6 12. h4 Ne8 13. h5 g5 14. g4 a5 1/2-1/2

[Event "Godesberg 2- Ennepe"]
[Site "?"]
[Date "2022.09.18"]
[Round "1.2"]
[White "Wecker, Martin"]
[Black "Tripolsky, Eugen"]
[Result "1-0"]
[WhiteElo "2148"]
[BlackElo "2282"]
[PlyCount "63"]
[SourceVersionDate "2023.06.22"]

1. d4 Nf6 2. c4 c5 3. d5 b5 4. cxb5 a6 5. bxa6 g6 6. Nc3 Bg7 7. e4 Qa5 8. a7
Rxa7 9. Bd2 Rb7 10. b3 O-O 11. Nf3 d6 12. Bc4 Nbd7 13. O-O Ng4 14. Qc2 Qa3 15.
Rab1 Ra7 16. Rfc1 Ra8 17. b4 Nge5 18. Nxe5 Nxe5 19. Nb5 Qa6 20. bxc5 Nxc4 21.
Qxc4 dxc5 22. Be3 Bd7 23. Qxc5 Rfc8 24. Nc7 Qd3 25. Qb4 Ra4 26. Qxe7 Bg4 27.
Ne6 Rac4 28. Nc5 Qe2 29. d6 Bf8 30. Qe5 Bg7 31. Qd5 Be6 32. d7 1-0

[Event "Godesberg 2- Ennepe"]
[Site "?"]
[Date "2022.09.18"]
[Round "1.3"]
[White "Heller, Achim"]
[Black "Mittmann, Johannes"]
[Result "1-0"]
[WhiteElo "2012"]
[BlackElo "2107"]
[PlyCount "105"]
[SourceVersionDate "2023.06.22"]

1. d4 d5 2. c4 c6 3. cxd5 cxd5 4. Nc3 Nf6 5. Bf4 Qb6 6. e3 a6 7. Bd3 Nc6 8.
Nge2 Nb4 9. Bb1 Bd7 10. O-O e6 11. a3 Nc6 12. Na4 Qa7 13. Bd3 Nh5 14. Bg5 Bd6
15. Rc1 h6 16. Bh4 g5 17. Nec3 Ng7 18. Bg3 Bxg3 19. hxg3 h5 20. Nc5 Rd8 21. Re1
Ne7 22. Bb1 h4 23. g4 h3 24. g3 h2+ 25. Kg2 Bc6 26. Rh1 Ng6 27. Rxh2 Ke7 28.
Bxg6 fxg6 29. Rxh8 Rxh8 30. Qc2 Kf6 31. Nd3 Qb8 32. Ne5 Be8 33. Rh1 Rxh1 34.
Kxh1 Qd8 35. Qb3 Qc8 36. Qb4 Bf7 37. Kg2 b5 38. Qd6 Ne8 39. Qf8 Qc7 40. Ne2 Nd6
41. Qh8+ Ke7 42. Qg7 Qc2 43. Ng1 Ke8 44. Ngf3 Qe4 45. Qf6 Kf8 46. Qxg5 Ke8 47.
Qf6 Qc2 48. Ng5 Qc7 49. Qh8+ Ke7 50. Qg7 Ke8 51. Nxg6 Qc2 52. Qf8+ Kd7 53. Ne5+
1-0

[Event "Godesberg 2- Ennepe"]
[Site "?"]
[Date "2022.09.18"]
[Round "1.4"]
[White "Stenzel, Thomas"]
[Black "Bruchmann, Norbert"]
[Result "1-0"]
[WhiteElo "2153"]
[BlackElo "2059"]
[PlyCount "59"]
[SourceVersionDate "2023.06.22"]

1. e4 e6 2. d4 d5 3. exd5 exd5 4. Nf3 Nf6 5. Bd3 Bd6 6. O-O O-O 7. c4 dxc4 8.
Bxc4 Nbd7 9. Nc3 Nb6 10. Bb3 c6 11. Re1 Bg4 12. Bg5 Bb4 13. a3 Bxc3 14. bxc3 h6
15. Bh4 Qd6 16. Bg3 Qd7 17. h3 Bxf3 18. Qxf3 Rfe8 19. Be5 Nfd5 20. Qg3 g6 21.
c4 Ne7 22. Qf4 Nf5 23. g4 Rxe5 24. dxe5 Nd4 25. Rad1 c5 26. Re4 Qe7 27. Rdxd4
cxd4 28. c5 Nc8 29. Qxh6 b6 30. Rf4 1-0

[Event "Godesberg 2- Ennepe"]
[Site "?"]
[Date "2022.09.18"]
[Round "1.5"]
[White "Hess, Olena"]
[Black "Koegler, Christof"]
[Result "1/2-1/2"]
[WhiteElo "2065"]
[BlackElo "1953"]
[PlyCount "45"]
[SourceVersionDate "2023.06.22"]

1. Nf3 Nf6 2. c4 c5 3. d4 cxd4 4. Nxd4 e6 5. a3 Be7 6. Nc3 d5 7. cxd5 exd5 8.
g3 Nc6 9. Bg2 O-O 10. O-O Re8 11. Bg5 h6 12. Be3 Ne5 13. Qb3 Neg4 14. Bf4 g5
15. Bc1 Bc5 16. e3 Ne4 17. Qxd5 Bxd4 18. Bxe4 Bxc3 19. bxc3 Qc7 20. Qd4 Be6 21.
Qb4 Bc4 22. Qxb7 Qe5 23. Bc6 1/2-1/2

[Event "Godesberg 2- Ennepe"]
[Site "?"]
[Date "2022.09.18"]
[Round "1.6"]
[White "Biedekoepper, Robert"]
[Black "Schaefer, Martin"]
[Result "1/2-1/2"]
[WhiteElo "1978"]
[BlackElo "1942"]
[PlyCount "78"]
[SourceVersionDate "2023.06.22"]

1. c4 f5 2. d4 d6 3. Nf3 Nf6 4. Nc3 g6 5. g3 Bg7 6. Bg2 O-O 7. O-O c6 8. Rb1
Ne4 9. Qc2 Nxc3 10. Qxc3 Qc7 11. b3 e5 12. dxe5 dxe5 13. e4 c5 14. Bb2 Nc6 15.
Rbe1 f4 16. gxf4 Rxf4 17. Bc1 Rf8 18. Nd2 Nd4 19. Qg3 Bh6 20. Kh1 Be6 21. Qh4
Kg7 22. f3 Rad8 23. Nb1 Bxc1 24. Rxc1 Rf4 25. Qe1 Rdf8 26. Qe3 Qd7 27. Rf2 Bh3
28. Rcf1 Rh4 29. Qg5 Bxg2+ 30. Qxg2 Ne6 31. Nc3 Nf4 32. Qg3 Rh3 33. Qg5 Rh5 34.
Qg3 Qh3 35. Rg1 Nd3 36. Rff1 Nf4 37. Rf2 Nd3 38. Rff1 Nf4 39. Rf2 Nd3 1/2-1/2

[Event "Godesberg 2- Ennepe"]
[Site "?"]
[Date "2022.09.18"]
[Round "1.7"]
[White "Nasoyan, Maksim"]
[Black "Lobvin, Bohdan"]
[Result "0-1"]
[WhiteElo "1874"]
[BlackElo "1751"]
[PlyCount "114"]
[SourceVersionDate "2023.06.22"]

1. Nf3 Nf6 2. d4 e6 3. g3 c5 4. Bg2 Nc6 5. O-O b6 6. c4 d5 7. Bg5 Be7 8. cxd5
Nxd5 9. Bxe7 Qxe7 10. e4 Nf6 11. d5 Na5 12. Nc3 exd5 13. e5 Nd7 14. Nxd5 Qd8
15. Ng5 Qxg5 16. Nc7+ Kd8 17. f4 Qe7 18. Nxa8 Ba6 19. Re1 Kc8 20. Qd6 Qxd6 21.
exd6 Bb7 22. Nc7 Nc4 23. Bxb7+ Kxb7 24. b3 Nxd6 25. Nd5 h5 26. Rac1 a5 27. a4
Nf5 28. Rc3 Nd4 29. Kf2 Kc6 30. Ne3 Nf6 31. Nc4 Nd5 32. Ne5+ Kc7 33. Rd3 f6 34.
Nf3 Nb4 35. Rde3 Nf5 36. Re8 Nd3+ 37. Kf1 Nxe1 38. Rxh8 Nxf3 39. Rxh5 Nd6 40.
Rh7 Ne8 41. Ke2 Nd4+ 42. Kd3 Nxb3 43. h4 Kd6 44. Rh8 Ke7 45. h5 f5 46. h6 gxh6
47. Rh7+ Ke6 48. Rb7 c4+ 49. Kc3 Kd5 50. Rxb6 Nd6 51. Ra6 Ne4+ 52. Kc2 h5 53.
Rg6 Nd4+ 54. Kc1 c3 55. Rg8 Kc4 56. Rc8+ Kd3 57. Rd8 Nc5 0-1

[Event "Godesberg 2- Ennepe"]
[Site "?"]
[Date "2022.09.18"]
[Round "1.8"]
[White "Rau, Nikita"]
[Black "Beller, Anthony"]
[Result "1-0"]
[WhiteElo "2048"]
[BlackElo "1426"]
[PlyCount "129"]
[SourceVersionDate "2023.06.22"]

1. e4 c5 2. Nf3 d6 3. d3 Nf6 4. g3 e5 5. Bg2 Be7 6. O-O O-O 7. c3 Nc6 8. Nbd2
b5 9. a4 b4 10. Nc4 Ba6 11. Nh4 Rb8 12. Nf5 Bxc4 13. dxc4 bxc3 14. bxc3 Na5 15.
Bg5 Qc7 16. Qf3 Nxc4 17. Rfd1 Nb2 18. Rxd6 Bxd6 19. Bxf6 Rfe8 20. Nxg7 Re6 21.
Nxe6 fxe6 22. Qg4+ Kf7 23. Qg7+ Ke8 24. Qg8+ Kd7 25. Qxh7+ Kc6 26. Qxc7+ Bxc7
27. f4 Nd3 28. fxe5 c4 29. h4 Rg8 30. Kh2 Nxe5 31. Kh3 Nd3 32. e5+ Kc5 33. Be7+
Kb6 34. Bd6 Nf2+ 35. Kh2 Ng4+ 36. Kg1 Bd8 37. Rb1+ Ka5 38. Bb4+ Ka6 39. Bc5
Nxe5 40. Bb7+ Ka5 41. Kh2 Bc7 42. Bd4 Nd3 43. Rb5+ Kxa4 44. Rg5 Rf8 45. Bxa7
Kb3 46. h5 Kxc3 47. h6 Kd2 48. h7 Rh8 49. Be4 c3 50. Rg7 Be5 51. Rd7 c2 52.
Rxd3+ Ke2 53. Re3+ Kd2 54. Rb3 Bc3 55. Rxc3 Kxc3 56. Be3 e5 57. g4 Kb2 58. g5
Rf8 59. g6 Rf2+ 60. Kg3 Rf3+ 61. Kxf3 c1=Q 62. Bxc1+ Ka1 63. h8=Q Ka2 64. Qb8
Ka1 65. Qb1# 1-0

[Event "Bonn- Solingen 4"]
[Site "?"]
[Date "2022.09.18"]
[Round "1.1"]
[White "Bashylina, Luisa"]
[Black "Haag, Martin"]
[Result "1/2-1/2"]
[WhiteElo "2018"]
[BlackElo "2216"]
[PlyCount "67"]
[SourceVersionDate "2023.06.22"]

1. d4 d5 2. c4 e6 3. Nc3 Nf6 4. cxd5 exd5 5. Bg5 c6 6. e3 Be7 7. Bd3 Nbd7 8.
Qc2 h6 9. Bh4 Nh5 10. Bxe7 Qxe7 11. O-O-O Nb6 12. h3 Be6 13. g4 Nf6 14. f4
O-O-O 15. Nf3 Kb8 16. Kb1 Bc8 17. Rhe1 h5 18. g5 Ne8 19. f5 f6 20. Nh4 Qf7 21.
Ng6 Rg8 22. h4 Nd6 23. Rg1 Rde8 24. Qf2 Ka8 25. b3 Qd7 26. Rdf1 Qd8 27. Ka1 Bd7
28. Qf3 Nbc8 29. Qf4 Qa5 30. Rc1 Qa3 31. Rc2 Qb4 32. Rcc1 Qa3 33. Rc2 Qb4 34.
Rcc1 1/2-1/2

[Event "Bonn- Solingen 4"]
[Site "?"]
[Date "2022.09.18"]
[Round "1.2"]
[White "Hoppe, Thilo"]
[Black "Blasek, Ralph"]
[Result "1/2-1/2"]
[WhiteElo "2101"]
[BlackElo "2230"]
[PlyCount "93"]
[SourceVersionDate "2023.06.22"]

1. d4 d5 2. c4 Bf5 3. cxd5 Bxb1 4. Rxb1 Qxd5 5. e3 Nc6 6. Nf3 O-O-O 7. Bd2 e5
8. Nxe5 Nxe5 9. dxe5 Qe4 10. a3 Nh6 11. Rc1 Qxe5 12. Qc2 Bd6 13. Be2 f5 14. Bf3
Qb5 15. Bc3 Rd7 16. Be2 Qd5 17. Bf3 Qc4 18. Be2 Qh4 19. g3 Qh3 20. Bf1 Qg4 21.
Bg2 Qc4 22. Bd4 Qxc2 23. Rxc2 a6 24. O-O Re8 25. b4 g6 26. Rb1 Be5 27. Bc5 Red8
28. Bf3 Rd2 29. Rxd2 Rxd2 30. Rd1 Rxd1+ 31. Bxd1 Bg7 32. Be2 Kd7 33. b5 axb5
34. Bxb5+ c6 35. Bc4 b5 36. Bb3 Ng4 37. Kg2 Be5 38. f3 Nf6 39. a4 bxa4 40. Bxa4
Kc7 41. Kf2 Nd7 42. Ba3 Bd6 43. Bb2 Be5 44. Ba3 Bd6 45. Bb2 Be5 46. Ba3 Bd6 47.
Bb2 1/2-1/2

[Event "Bonn- Solingen 4"]
[Site "?"]
[Date "2022.09.18"]
[Round "1.3"]
[White "Bashylin, Roman"]
[Black "Gikas, Andreas"]
[Result "1/2-1/2"]
[WhiteElo "2285"]
[BlackElo "2127"]
[PlyCount "66"]
[SourceVersionDate "2023.06.22"]

1. d4 d5 2. Nf3 Nf6 3. Bf4 e6 4. e3 Bd6 5. Bg3 O-O 6. Bd3 b6 7. Ne5 Bb7 8. Bh4
c5 9. c3 Be7 10. O-O Ne4 11. Bxe7 Qxe7 12. f3 Nd6 13. Qc2 f5 14. Nd2 Nc6 15.
Rae1 Rad8 16. Nxc6 Bxc6 17. f4 c4 18. Be2 Be8 19. b3 b5 20. Rb1 Qc7 21. bxc4
bxc4 22. Rb4 Rb8 23. Rfb1 Bc6 24. Qb2 Rb5 25. Rxb5 Nxb5 26. a4 Nd6 27. Qb4 Rc8
28. Bd1 h6 29. Nf3 Ne4 30. a5 Qd6 31. Qb2 Qc7 32. Qb4 Qd6 33. Qb2 Qc7 1/2-1/2

[Event "Bonn- Solingen 4"]
[Site "?"]
[Date "2022.09.18"]
[Round "1.4"]
[White "Rosskothen, Arnd"]
[Black "Fichtner, Ewald"]
[Result "1/2-1/2"]
[WhiteElo "2129"]
[BlackElo "2030"]
[PlyCount "97"]
[SourceVersionDate "2023.06.22"]

1. d4 d5 2. c4 c6 3. Nf3 Nf6 4. e3 Bf5 5. Nc3 e6 6. Nh4 Bg6 7. Qb3 Qb6 8. c5
Qc7 9. Nxg6 hxg6 10. Bd2 Nbd7 11. O-O-O Be7 12. Be2 e5 13. h4 b6 14. cxb6 axb6
15. Kb1 b5 16. Rc1 Qb6 17. dxe5 Nxe5 18. Nxb5 cxb5 19. Bxb5+ Kf8 20. Bc3 Ned7
21. Bxf6 Nxf6 22. Rc6 Qb7 23. Rhc1 Rxh4 24. a4 Bd8 25. g3 Rh5 26. g4 Rg5 27. f3
Qe7 28. Qd3 Re5 29. R1c3 Ba5 30. Rc8+ Rxc8 31. Rxc8+ Bd8 32. Qd4 Re6 33. e4 Ne8
34. Qxd5 Rd6 35. Qb3 Qb7 36. Rc1 Nc7 37. Bc4 Qxb3 38. Bxb3 Ne6 39. Bd5 Nd4 40.
b4 Nxf3 41. Kb2 Ne5 42. Kb3 f5 43. gxf5 gxf5 44. Rf1 g6 45. a5 Ke7 46. Bb7 Rd3+
47. Ka4 Rf3 48. Rxf3 Nxf3 49. exf5 1/2-1/2

[Event "Bonn- Solingen 4"]
[Site "?"]
[Date "2022.09.18"]
[Round "1.5"]
[White "Hannewald, Anton"]
[Black "Gaul, Alexander"]
[Result "1-0"]
[WhiteElo "1948"]
[BlackElo "1959"]
[PlyCount "85"]
[SourceVersionDate "2023.06.22"]

1. e4 c6 2. d4 d5 3. e5 c5 4. dxc5 e6 5. Nf3 Bxc5 6. Bd3 Nc6 7. O-O Nge7 8.
Nbd2 Ng6 9. Bxg6 hxg6 10. Nb3 Bb6 11. Bf4 Bd7 12. Qd2 Qc7 13. Rfe1 Ne7 14. Be3
Bxe3 15. Rxe3 Rc8 16. Nbd4 a6 17. Rae1 b5 18. g3 Qa7 19. Ra3 Rc4 20. b3 Rc8 21.
Qa5 Ra8 22. Re3 Qb7 23. Rc3 Bc6 24. b4 O-O 25. Rc5 Rfc8 26. Rac3 Rab8 27. h4
Qb6 28. Nb3 Qa7 29. Nfd4 Qb7 30. Qa3 Qb6 31. Qc1 Bd7 32. Qf4 Rxc5 33. Nxc5 Be8
34. g4 Nc6 35. Nf3 Qa7 36. h5 gxh5 37. gxh5 Qe7 38. h6 d4 39. hxg7 Kxg7 40.
Nxd4 Nxd4 41. Qxd4 f5 42. exf6+ Qxf6 43. Nxe6+ 1-0

[Event "Bonn- Solingen 4"]
[Site "?"]
[Date "2022.09.18"]
[Round "1.6"]
[White "Koch, Matthias"]
[Black "Waagener, Ulrich"]
[Result "1/2-1/2"]
[WhiteElo "1885"]
[BlackElo "2115"]
[PlyCount "28"]
[SourceVersionDate "2023.06.22"]

1. e4 Nf6 2. Nc3 d5 3. e5 d4 4. exf6 dxc3 5. fxe7 cxd2+ 6. Bxd2 Bxe7 7. Bd3 O-O
8. Qf3 Bf6 9. O-O-O Nd7 10. Bf4 g6 11. Qg3 Bh4 12. Qf3 Bf6 13. Qg3 Bh4 14. Qf3
Bf6 1/2-1/2

[Event "Bonn- Solingen 4"]
[Site "?"]
[Date "2022.09.18"]
[Round "1.7"]
[White "Kushchan, Eduard"]
[Black "Goergen, Christian"]
[Result "1/2-1/2"]
[WhiteElo "2015"]
[BlackElo "1790"]
[PlyCount "80"]
[SourceVersionDate "2023.06.22"]

1. d4 Nf6 2. c4 c5 3. e3 g6 4. Nc3 Bg7 5. Nf3 O-O 6. Be2 cxd4 7. exd4 d5 8. O-O
Nc6 9. h3 dxc4 10. Bxc4 Na5 11. Bd3 Be6 12. Re1 Rc8 13. Qe2 Re8 14. Bg5 Bc4 15.
Rad1 Nd5 16. Bc1 Nxc3 17. bxc3 Bxd3 18. Rxd3 Qd5 19. Re3 e6 20. Ne5 Nc4 21.
Nxc4 Rxc4 22. Rd3 Rec8 23. Bb2 b5 24. Qd2 a5 25. Ba3 Ra4 26. Qb2 Qc4 27. Rdd1
b4 28. cxb4 Rb8 29. Rc1 Qxd4 30. Qb3 Qd7 31. Qg3 Ra8 32. bxa5 R4xa5 33. Bd6 Rd5
34. Be5 Bxe5 35. Rxe5 Rd1+ 36. Re1 Rxe1+ 37. Rxe1 Rxa2 38. Qb8+ Kg7 39. Qe5+
Kg8 40. Qb8+ Kg7 1/2-1/2

[Event "Bonn- Solingen 4"]
[Site "?"]
[Date "2022.09.18"]
[Round "1.8"]
[White "Lorenz, Steffen"]
[Black "Bashylin, Seva"]
[Result "0-1"]
[WhiteElo "1949"]
[BlackElo "1704"]
[Annotator "daniel"]
[PlyCount "86"]
[SourceVersionDate "2023.06.22"]

1. e4 e5 2. Nf3 d6 3. d4 exd4 4. Nxd4 Nf6 5. Nc3 Be7 6. Bf4 O-O 7. Qd2 Nc6 8.
O-O-O Nxd4 9. Qxd4 Be6 10. Bc4 Ng4 11. Nd5 Bg5 12. Bxg5 Qxg5+ 13. f4 Qh6 14. h3
Bxd5 15. exd5 Ne5 16. Be2 Ng6 17. g3 Rfe8 18. Qd2 Re7 19. Rde1 Rae8 20. Bg4 Nf8
21. Rxe7 Rxe7 22. Re1 Rxe1+ 23. Qxe1 g5 24. Qe4 gxf4 25. Qxf4 $11 Qxf4+ 26.
gxf4 Ng6 27. f5 Ne7 28. c4 Kg7 29. Kd2 Kf6 30. Ke3 Nxf5+ 31. Ke4 Ne7 32. b4 Kg5
33. Bd7 f5+ 34. Kf3 Ng6 35. Bc8 b6 36. Ke3 f4+ 37. Ke4 Kh4 38. Bf5 Kg3 39. Kd4
Ne5 40. c5 f3 41. cxb6 cxb6 42. Bc8 f2 43. Ba6 Kxh3 0-1

[Event "Brühl- Bergneustadt"]
[Site "?"]
[Date "2022.09.18"]
[Round "1.1"]
[White "Stuemer, Paul"]
[Black "Loifenfeld, Yakov"]
[Result "0-1"]
[WhiteElo "2002"]
[BlackElo "2391"]
[PlyCount "64"]
[SourceVersionDate "2023.06.22"]

1. Nf3 Nf6 2. c4 d6 3. d4 g6 4. Nc3 Bf5 5. e3 Bg7 6. Be2 Ne4 7. O-O Nxc3 8.
bxc3 O-O 9. Nd2 e5 10. Qb3 Qc8 11. Ba3 Nd7 12. e4 exd4 13. exf5 dxc3 14. Nf3
Nc5 15. Qc2 Re8 16. Bxc5 dxc5 17. Bd3 c6 18. Ng5 Qc7 19. Ne4 gxf5 20. Nxc3 f4
21. Bxh7+ Kh8 22. Be4 Qe5 23. Rac1 Qxc3 24. Qb1 Qd4 25. Bf3 Re7 26. Rfd1 Qb2
27. Qf5 Qe5 28. Qd3 Rae8 29. h3 Qg5 30. Rb1 Bd4 31. Rb3 Qh4 32. Qf1 Bxf2+ 0-1

[Event "Brühl- Bergneustadt"]
[Site "?"]
[Date "2022.09.18"]
[Round "1.2"]
[White "Keller, Thomas"]
[Black "Michalik, Friedhelm"]
[Result "1-0"]
[WhiteElo "2250"]
[BlackElo "2126"]
[PlyCount "31"]
[SourceVersionDate "2023.06.22"]

1. e4 c5 2. Nf3 g6 3. c3 Bg7 4. d4 cxd4 5. cxd4 d5 6. e5 Bg4 7. Nc3 Bxf3 8.
Qxf3 Nc6 9. Be3 Nh6 10. O-O-O e6 11. g4 O-O 12. Qh3 g5 13. f4 f5 14. exf6 Bxf6
15. Qxh6 gxf4 16. g5 1-0

[Event "Brühl- Bergneustadt"]
[Site "?"]
[Date "2022.09.18"]
[Round "1.3"]
[White "Wang, Andre"]
[Black "Gramb, Marius"]
[Result "0-1"]
[WhiteElo "2022"]
[BlackElo "2165"]
[PlyCount "120"]
[SourceVersionDate "2023.06.22"]

1. d4 Nf6 2. Bf4 d5 3. Nf3 e6 4. e3 c5 5. c3 Nc6 6. Nbd2 cxd4 7. exd4 Nh5 8.
Bg3 Be7 9. Ne5 g6 10. Be2 Nxg3 11. Nxc6 bxc6 12. hxg3 c5 13. Bb5+ Bd7 14. Qa4
Bxb5 15. Qxb5+ Qd7 16. Qxd7+ Kxd7 17. Nf3 Bf6 18. Ne5+ Ke7 19. O-O-O h5 20.
Rhe1 Rhc8 21. f4 Rc7 22. dxc5 Rxc5 23. Rd3 Rac8 24. Kd2 a5 25. a3 Bxe5 26. Rxe5
Kd6 27. Re1 a4 28. Rd4 Rc4 29. Rxc4 Rxc4 30. b4 axb3 31. Rb1 h4 32. Rxb3 hxg3
33. Ke3 f5 34. Kf3 g5 35. fxg5 Rg4 36. Rb6+ Ke5 37. Rb4 Rxg5 38. a4 Rg8 39. a5
Rc8 40. Rb3 f4 41. a6 Ra8 42. Ra3 Kf5 43. a7 e5 44. Ra5 e4+ 45. Ke2 Ke6 46.
Ra6+ Ke5 47. Ra5 Kd6 48. Ra6+ Kc5 49. Ra5+ Kb6 50. Rxd5 Rxa7 51. Rf5 Ra2+ 52.
Kf1 Rf2+ 53. Kg1 e3 54. c4 e2 55. Rb5+ Kc6 56. Rb1 Kd6 57. Ra1 Kc5 58. Rc1 f3
59. gxf3 Rxf3 60. Kg2 Re3 0-1

[Event "Brühl- Bergneustadt"]
[Site "?"]
[Date "2022.09.18"]
[Round "1.4"]
[White "Spilles, Matthias"]
[Black "Kiparski, Ekkehart"]
[Result "1-0"]
[WhiteElo "2076"]
[BlackElo "2030"]
[PlyCount "91"]
[SourceVersionDate "2023.06.22"]

1. e4 d5 2. exd5 Nf6 3. d4 Nxd5 4. c4 Nf6 5. Nf3 g6 6. Be2 Bg7 7. O-O O-O 8.
Nc3 c6 9. Bf4 Nbd7 10. h3 b6 11. Qd2 Bb7 12. Rad1 e6 13. Rfe1 Re8 14. Qc1 Rc8
15. c5 b5 16. Ng5 Nd5 17. Bd6 N7f6 18. Bf3 Qd7 19. Nge4 Rcd8 20. Be5 Rf8 21.
Nd6 Nxc3 22. bxc3 Ne8 23. Ne4 a6 24. h4 f6 25. Bg3 h5 26. Kh2 Qf7 27. Bf4 e5
28. dxe5 Rxd1 29. Bxd1 Qxa2 30. Nd2 Kh7 31. Bb3 Qa5 32. e6 f5 33. e7 Rh8 34.
Nf3 Bxc3 35. Ng5+ Kg7 36. Ne6+ Kh7 37. Bh6 Rg8 38. Bf8 Bd2 39. Ng5+ Kh8 40.
Qa1+ Qxa1 41. Rxa1 a5 42. Rd1 Bf4+ 43. g3 Bxg5 44. hxg5 a4 45. Bf7 Nc7 46. Rd7
1-0

[Event "Brühl- Bergneustadt"]
[Site "?"]
[Date "2022.09.18"]
[Round "1.5"]
[White "Blab, Ludwig"]
[Black "Schaefer, Juergen"]
[Result "0-1"]
[WhiteElo "2038"]
[BlackElo "2126"]
[PlyCount "110"]
[SourceVersionDate "2023.06.22"]

1. c4 g6 2. Nc3 Bg7 3. g3 e5 4. Bg2 d6 5. d3 f5 6. Nf3 Nf6 7. Qc2 O-O 8. e3 Nc6
9. a3 Be6 10. Ng5 Bd7 11. b4 h6 12. Nf3 Ne7 13. Bb2 Bc6 14. e4 Qe8 15. a4 g5
16. b5 Bd7 17. Nd5 Rc8 18. Nxf6+ Bxf6 19. h4 g4 20. Nd2 c6 21. Ba3 c5 22. Bb2
f4 23. gxf4 exf4 24. e5 Nf5 25. Bd5+ Kh8 26. O-O-O Bxe5 27. Rde1 Qe7 28. Bxb7
Rc7 29. Bd5 Qg7 30. Ne4 Bc8 31. Kb1 Re7 32. Qd2 Rfe8 33. h5 Bd4 34. Bc6 Rf8 35.
Nc3 Bxc3 36. Bxc3 Nd4 37. Re4 Rxe4 38. dxe4 g3 39. fxg3 fxg3 40. Rg1 Rf3 41.
Bd5 Bh3 42. e5 Bf5+ 43. Kb2 Rf2 44. Qxf2 gxf2 45. Rxg7 f1=Q 46. Rg8+ Kh7 47.
Bxd4 Qb1+ 48. Ka3 Qb4+ 49. Ka2 Qxa4+ 50. Kb2 Qc2+ 51. Ka3 cxd4 52. e6 Qc3+ 53.
Ka2 Qd2+ 54. Ka1 Qe1+ 55. Ka2 Kxg8 0-1

[Event "Brühl- Bergneustadt"]
[Site "?"]
[Date "2022.09.18"]
[Round "1.7"]
[White "Chlechowitz, Maximilian"]
[Black "Berkle, Pascal"]
[Result "0-1"]
[WhiteElo "1650"]
[BlackElo "2008"]
[Annotator "daniel"]
[PlyCount "116"]
[SourceVersionDate "2023.06.22"]

1. d4 Nf6 2. Nf3 g6 3. Nbd2 d5 4. b4 Ne4 5. Bb2 Bg7 6. e3 a5 7. a3 Qd6 8. Nxe4
dxe4 9. Nd2 axb4 10. Nxe4 Qb6 11. axb4 Rxa1 12. Qxa1 Qxb4+ 13. Bc3 Qb6 14. Bd3
O-O 15. O-O Bf5 16. Nc5 Bxd3 17. Nxd3 Nd7 18. Qb2 Qxb2 19. Bxb2 Ra8 20. Ra1
Rxa1+ 21. Bxa1 e6 22. Bb2 Bf8 23. Kf1 Bd6 24. h3 f5 25. Bc3 Kf7 26. Ke2 Kf6 27.
f4 $11 Nb6 28. Bb4 Nd5 29. Bxd6 Nc3+ 30. Kd2 Ne4+ 31. Ke2 cxd6 32. Nf2 Ng3+ 33.
Kf3 Nh5 34. Nd3 Ke7 35. e4 fxe4+ 36. Kxe4 Nf6+ 37. Kf3 Kd7 38. Nb4 Kc7 39. Ke3
Kb6 40. c4 d5 41. c5+ Kb5 42. Nd3 Nd7 43. g4 Kc4 44. Ne1 Nb8 45. Nf3 Nc6 46.
Nd2+ Kc3 47. Nf3 Nb4 48. Ng5 Nc2+ 49. Ke2 Nxd4+ 50. Kd1 h6 51. Nf7 Nc2 52. Nd8
d4 53. Nxb7 d3 54. c6 Ne3+ 55. Ke1 d2+ 56. Ke2 d1=Q+ 57. Kxe3 Qd2+ 58. Kf3 Qd5+
0-1

[Event "Plettenberg- Bergische SF"]
[Site "?"]
[Date "2022.09.18"]
[Round "1.1"]
[White "Harringer, Manfred"]
[Black "Schulze, Marc"]
[Result "0-1"]
[WhiteElo "2041"]
[BlackElo "2194"]
[PlyCount "84"]
[SourceVersionDate "2023.06.22"]

1. e4 c5 2. Nf3 g6 3. c3 Nf6 4. e5 Nd5 5. d4 cxd4 6. cxd4 Bg7 7. Bc4 Nb6 8. Bb3
Nc6 9. O-O O-O 10. Nc3 d6 11. Bf4 Bg4 12. exd6 Nxd4 13. Qe1 Bxf3 14. dxe7 Qd7
15. exf8=Q+ Rxf8 16. Bd1 Re8 17. Qd2 Nc4 18. Qc1 Bc6 19. f3 Nxb2 20. Qxb2 Nb5
21. Qd2 Nxc3 22. Rc1 Qd4+ 23. Kh1 Nxa2 24. Rb1 Nc3 25. Rc1 Bb5 26. Rg1 Rd8 27.
Qxd4 Bxd4 28. Re1 Bf2 29. Re5 Bc4 30. g4 Rxd1+ 31. Kg2 Rxc1 32. Bxc1 Bd4 33.
Re7 Bd5 34. Bh6 f5 35. gxf5 gxf5 36. Rd7 Bf6 37. Bd2 Bc6 38. Rc7 Nb5 39. Rc8+
Kf7 40. Kf2 Nd4 41. f4 Nf3 42. Bb4 Nxh2 0-1

[Event "Plettenberg- Bergische SF"]
[Site "?"]
[Date "2022.09.18"]
[Round "1.2"]
[White "Oswald, Hans- Joachim"]
[Black "Bosbach, Stefan"]
[Result "1-0"]
[WhiteElo "2256"]
[BlackElo "2097"]
[PlyCount "43"]
[SourceVersionDate "2023.06.22"]

1. Nf3 e6 2. c4 c5 3. g3 Nc6 4. Bg2 Nf6 5. O-O Be7 6. Nc3 O-O 7. d4 cxd4 8.
Nxd4 a6 9. b3 Ne8 10. Bb2 f5 11. e3 Rb8 12. Rc1 Rf7 13. Qe2 Nc7 14. Rfd1 Qf8
15. Na4 Ba3 16. Bxa3 Qxa3 17. c5 Qb4 18. Nb6 Qa5 19. Qb2 Nb5 20. a4 Nbxd4 21.
Rxd4 Nxd4 22. Qxd4 1-0

[Event "Plettenberg- Bergische SF"]
[Site "?"]
[Date "2022.09.18"]
[Round "1.4"]
[White "Kuhnen, Thomas"]
[Black "Weiser, Hans- Josef"]
[Result "1/2-1/2"]
[WhiteElo "2076"]
[BlackElo "2004"]
[PlyCount "32"]
[SourceVersionDate "2023.06.22"]

1. d4 d5 2. c4 dxc4 3. Nf3 Nf6 4. e3 a6 5. Bxc4 e6 6. O-O b5 7. Bd3 Bb7 8. a4
b4 9. Qe2 c5 10. Rd1 Nbd7 11. Nbd2 cxd4 12. exd4 Be7 13. Nc4 O-O 14. a5 Nd5 15.
g3 N7f6 16. Nce5 Bd6 1/2-1/2

[Event "Plettenberg- Bergische SF"]
[Site "?"]
[Date "2022.09.18"]
[Round "1.5"]
[White "Eilers, Jochen"]
[Black "Noelke, Manfred"]
[Result "1/2-1/2"]
[WhiteElo "1954"]
[BlackElo "1872"]
[Annotator "daniel"]
[PlyCount "79"]
[SourceVersionDate "2023.06.22"]

1. e4 c5 2. Nc3 Nc6 3. g3 g6 4. Bg2 Bg7 5. d3 e6 6. Be3 d6 7. Qd2 Nge7 8. Bh6
Bxh6 9. Qxh6 Nd4 10. Rc1 Nec6 11. Nce2 Qf6 12. c3 Nxe2 13. Nxe2 Ne5 14. Qd2
Nf3+ 15. Bxf3 Qxf3 16. O-O e5 17. Qe3 Bg4 18. Qxf3 Bxf3 19. Rfe1 h5 20. Kf1 h4
21. Ng1 Bg4 22. Kg2 Ke7 23. a3 $11 Bd7 24. h3 hxg3 25. fxg3 f5 26. b4 c4 27.
dxc4 Rac8 28. c5 dxc5 29. exf5 Bc6+ 30. Nf3 Kf6 31. fxg6 Rhf8 32. b5 Bxf3+ 33.
Kxf3 Kxg6+ 34. Kg2 Rcd8 35. Rcd1 Rxd1 36. Rxd1 e4 37. Re1 Rf3 38. Rxe4 Rxc3 39.
a4 Ra3 40. h4 1/2-1/2